Random city former names - Statistics

General Stats
  • This quiz has been taken 31 times
    22 since last reset
  • The average score is 4 of 15
Answer Stats
Former City Name Current City Name % Correct
Ancyra Ankara
100%
Hesperides Benghazi
100%
Aquincum Budapest
100%
Ragusa Dubrovnik
100%
Adrianople Edirne
100%
Salisbury Harare
100%
Helsingfors Helsinki
100%
Byzantion Istanbul
100%
Batavia Jakarta
100%
Léopoldville Kinshasa
100%
Heian Kyoto
100%
Tenochtitlan Mexico City
100%
Neapolis Naples
100%
Nieuw Amsterdam New York
100%
Lefkosia Nicosia
100%
Christiana Oslo
100%
Rotomagus Rouen
100%
Edo Tokyo
100%
Lourenço Marques Maputo
67%
Lugdunum Lyon
60%
Camulodunum Colchester
50%
Mzizima Dar es Salaam
50%
Thang Long Hanoi
50%
Portus Namnetum Nantes
50%
Purushapura Peshawar
50%
Vindobona Vienna
50%
Confluentes Koblenz
33%
Nikaia Nice
33%
Saint Louis de Maragnan São Luis
33%
Breslau Wroclaw
33%
Tiflis Tbilissi
29%
Colonia Aggrippina Cologne
25%
Eblana Dublin
25%
Alexandria Arachosia Kandahar
25%
Trebizond Trabzon
25%
Eboracum York
25%
Zhongdu Beijing
20%
Srivijaya Palembang
17%
Antioch Antakya
0%
Arretium Arezzo
0%
Augusta Vindelicorum Augsburg
0%
Bactra Balkh
0%
Bathurst Banjul
0%
Singidunum Belgrade
0%
Brünn Brno
0%
Fustat Cairo
0%
Kaapstad Cape Town
0%
Ekaterinoslavl Dnipropetrovsk
0%
Dyrrachium Durrës
0%
Ecbatana Hamadan
0%
Lin'an Hangzhou
0%
Alexandria Ariana Herat
0%
Saigon Ho Chi Minh City
0%
Dongjing Kaifeng
0%
Stanleyville Kisangani
0%
Emona Ljubljana
0%
Londinium London
0%
São Paulo de Loanda Luanda
0%
Elizabethville Lubumbashi
0%
Thebes Luxor
0%
Mogontiacum Mainz
0%
Mediolanum Milano
0%
Fort Zeelandia Paramaribo
0%
Pataliputra Patna
0%
Philippopolis Plovdiv
0%
Mauritstad Recife
0%
Petrograd Saint Petersburg
0%
Maracanda Samarkand
0%
Hispalis Sevilla
0%
Safaqis Sfax
0%
Argentoratum Strasbourg
0%
Botany Bay Sydney
0%
Stettin Szczecin
0%
Reval Tallinn
0%
Tingis Tangier
0%
Rey Tehran
0%
Oea Tripoli
0%
Nidaros Trondheim
0%
Tsaritsyn Volgograd
0%
Toyohara Yuzhno Sakhalinsk
0%
No matching quizzes found
Score Distribution
Percent of People with Each Score
Percentile by Number Answered
Your Score History
You have not taken this quiz since the last reset